5HLuxD.jpg

KING HENRY VIII SENIOR AND PRIMARY SCHOOL LIBRARY OPAC

Immigration nation / (Record no. 2713)

000 -LEADER
fixed length control field 00874nam a22002892a 4500
001 - CONTROL NUMBER
control field 015554576
003 - CONTROL NUMBER IDENTIFIER
control field Uk
005 - DATE AND TIME OF LATEST TRANSACTION
control field 20230811160453.0
008 - FIXED-LENGTH DATA ELEMENTS--GENERAL INFORMATION
fixed length control field 091119s2010 enk j 000 0 eng d
020 ## - INTERNATIONAL STANDARD BOOK NUMBER
International Standard Book Number 9781850085591 (pbk.) :
020 ## - INTERNATIONAL STANDARD BOOK NUMBER
International Standard Book Number 1850085595 (pbk.) :
040 ## - CATALOGING SOURCE
Original cataloging agency UK-WkNB
Language of cataloging eng
Transcribing agency UK-WkNB
Modifying agency KH8
082 ## - DEWEY DECIMAL CLASSIFICATION NUMBER
Edition number 900 WIL
100 1# - MAIN ENTRY--PERSONAL NAME
Personal name Wilkes, Aaron.
Relator term author.
245 10 - TITLE STATEMENT
Title Immigration nation /
Statement of responsibility, etc. Aaron Wilkes.
260 ## - PUBLICATION, DISTRIBUTION, ETC.
Place of publication, distribution, etc. Oxford :
Name of publisher, distributor, etc. Folens Publishers UK :
-- Oxford University Press,
Date of publication, distribution, etc. 2011.
300 ## - PHYSICAL DESCRIPTION
Extent 64 pages ;
Dimensions 28x22 cm.
336 ## - CONTENT TYPE
Content type term text
Source rdacontent
337 ## - MEDIA TYPE
Media type term unmediated
Source rdamedia
338 ## - CARRIER TYPE
Carrier type term volume
Source rdacarrier
366 ## - TRADE AVAILABILITY INFORMATION
Detailed date of publication 20100406
Availability status code IP 20100405
ISO country code GB
MARC country code xxk
Identification of agency Folens Publishers UK
Source of availability status code UK-WkNB
490 1# - SERIES STATEMENT
Series statement Depth study
490 1# - SERIES STATEMENT
Series statement Folens history 2nd edition
500 ## - GENERAL NOTE
General note Paperback.
830 #0 - SERIES ADDED ENTRY--UNIFORM TITLE
Uniform title Folens history 2nd edition
942 ## - ADDED ENTRY ELEMENTS (KOHA)
Source of classification or shelving scheme
Koha item type Teaching Resources
Holdings
Withdrawn status Lost status Source of classification or shelving scheme Damaged status Not for loan Collection code Permanent Location Current Location Shelving location Date acquired Full call number Barcode Date last seen Price effective from Koha item type
          Teaching Resources KH8 Senior School Library KH8 Senior School Library Staff Office 2023-08-11 900 WIL TRKHSL002005 2023-08-11 2023-08-11 Teaching Resources

Powered By KH8 IT Dept